000
00290nam a2200109Ia 4500
008
220204s9999 xx 000 0 und d
082
_a
633.72(02)
_b
COF
245
0
_a
Coffee board office manual. V 2.
260
_a
Bangalore
_b
Coffee Board
_c
1959
650
_a
Coffee board manual
942
_c
BK
999
_c
20101
_d
20101